000 00502 a2200181 4500
003 OSt
005 20230823102104.0
008 230823b |||||||| |||| 00| 0 eng d
020 _a9788130918709
040 _coclc
082 _a657.42
_bSIK/F
100 _aSikka, T R
_99342
245 _aFUNDAMENTALS OF COST ACCOUNTING /
_cT R Sikka
250 _a7ED
260 _aNew Delhi:
_bViva books,
_c2012.
300 _a1250 p
942 _2ddc
_cBK
_h657.42
_iSIK/F
_k657.42
_mSIK/F
999 _c41959
_d41959